[Event "Azerbaijan Chess Championship2015 - Men"]
[Site ""]
[Date "2015.01.12"]
[Round "6"]
[Board "2"]
[White "Safarli, Eltaj"]
[Black "Mirzoev, Azer"]
[Result "1-0"]
[WhiteElo "2635"]
[BlackElo "2549"]
[PlyCount "0"]
[EventDate "2015.01.06"]
[EventRounds "9"]
[EventCountry "AZE"]

1. e4 e5 {[%clk 1:14:00]} 2. Nf3 {[%clk 1:30:59]} Nc6 {[%clk 1:14:00]} 3. Bb5
{[%clk 1:31:12]} Nf6 {[%clk 1:13:32]} 4. O-O {[%clk 1:30:42]} Nxe4
{[%clk 1:12:05]} 5. Re1 {[%clk 1:30:57]} Nd6 {[%clk 1:12:15]} 6. Nxe5
{[%clk 1:31:21]} Be7 {[%clk 1:11:36]} 7. Bf1 {[%clk 1:31:45]} Nxe5
{[%clk 1:11:52]} 8. Rxe5 {[%clk 1:32:11]} O-O {[%clk 1:10:10]} 9. d4
{[%clk 1:32:25]} Bf6 {[%clk 1:08:58]} 10. Re1 {[%clk 1:32:41]} Re8
{[%clk 1:08:53]} 11. Bf4 {[%clk 1:33:03]} Rxe1 {[%clk 1:00:55]} 12. Qxe1
{[%clk 1:33:24]} Ne8 {[%clk 0:59:03]} 13. Nc3 {[%clk 1:29:34]} d6
{[%clk 0:53:05]} 14. Nd5 {[%clk 1:25:04]} Bxd4 {[%clk 0:47:19]} 15. Bg5
{[%clk 1:25:04]} Bf6 {[%clk 0:39:38]} 16. Nxf6+ {[%clk 1:22:39]} Nxf6
{[%clk 0:39:44]} 17. Bxf6 {[%clk 1:23:04]} gxf6 {[%clk 0:40:09]} 18. Qe4
{[%clk 1:23:29]} f5 {[%clk 0:31:54]} 19. Qf3 {[%clk 1:22:07]} Qe7
{[%clk 0:26:01]} 20. Qg3+ {[%clk 1:10:26]} Kf8 {[%clk 0:25:12]} 21. Qc3
{[%clk 1:06:02]} Kg8 {[%clk 0:24:58]} 22. Re1 {[%clk 1:01:31]} Be6
{[%clk 0:24:45]} 23. Re3 {[%clk 1:01:18]} f4 {[%clk 0:19:07]} 24. Re4
{[%clk 0:57:35]} Qg5 {[%clk 0:16:41]} 25. Qxc7 {[%clk 0:53:24]} Bd5
{[%clk 0:14:21]} 26. h4 {[%clk 0:48:37]} Qf6 {[%clk 0:09:43]} 27. Re7
{[%clk 0:43:14]} Bc6 {[%clk 0:07:39]} 28. b4 {[%clk 0:39:33]} Kf8
{[%clk 0:06:59]} 29. Re1 {[%clk 0:38:48]} Qd8 {[%clk 0:06:59]} 30. Qxd8+
{[%clk 0:39:12]} Rxd8 {[%clk 0:07:27]} 31. f3 {[%clk 0:36:28]} d5
{[%clk 0:03:57]} 32. Bd3 {[%clk 0:36:05]} Rd6 {[%clk 0:03:13]} 33. Re5
{[%clk 0:34:51]} Bd7 {[%clk 0:01:18]} 34. Bxh7 {[%clk 0:33:40]} Rh6
{[%clk 0:01:39]} 35. Bd3 {[%clk 0:33:42]} Be6 {[%clk 0:01:18]} 36. h5
{[%clk 0:34:08]} Ke7 {[%clk 0:01:09]} 37. Rg5 {[%clk 0:31:21]} Kf6
{[%clk 0:00:43]} 38. Rg8 {[%clk 0:31:45]} Rxh5 {[%clk 0:01:00]} 39. Rb8
{[%clk 0:32:05]} b6 {[%clk 0:01:21]} 40. Rb7 {[%clk 1:02:23]} Bf5
{[%clk 0:30:37]} 41. Bxf5 {[%clk 1:00:17]} Rxf5 {[%clk 0:30:49]} 42. Rxa7
{[%clk 1:00:42]} Re5 {[%clk 0:29:33]} 43. Rb7 {[%clk 0:59:34]} Re6
{[%clk 0:28:43]} 44. b5 {[%clk 0:59:31]} d4 {[%clk 0:28:30]} 45. a4
{[%clk 0:58:34]} Rd6 {[%clk 0:27:44]} 46. Kf2 {[%clk 0:56:36]} Ke6
{[%clk 0:27:38]} 47. Ke2 {[%clk 0:56:13]} f5 {[%clk 0:28:02]} 48. Kd3
{[%clk 0:56:23]} Kd5 {[%clk 0:28:25]} 49. Rf7 {[%clk 0:55:05]} Ke5
{[%clk 0:27:10]} 50. Re7+ {[%clk 0:48:02]} Kd5 {[%clk 0:27:32]} 51. Rc7
{[%clk 0:47:57]} Rg6 {[%clk 0:27:00]} 52. Rd7+ {[%clk 0:45:38]} Ke5
{[%clk 0:27:17]} 53. Rxd4 {[%clk 0:45:42]} Rxg2 {[%clk 0:27:37]} 54. Kc3
{[%clk 0:45:56]} Rf2 {[%clk 0:27:33]} 55. Rd3 {[%clk 0:46:19]} Rf1
{[%clk 0:28:02]} 56. Kb4 {[%clk 0:44:22]} Rb1+ {[%clk 0:28:24]} 57. Rb3
{[%clk 0:40:55]} Ra1 {[%clk 0:28:33]} 58. c3 {[%clk 0:38:00]} Kd5
{[%clk 0:28:20]} 59. Rb2 {[%clk 0:38:18]} Rf1 {[%clk 0:26:46]} 60. Rd2+
{[%clk 0:38:31]} Ke5 {[%clk 0:26:54]} 61. Rd3 {[%clk 0:36:49]} Rb1+
{[%clk 0:27:10]} 62. Kc4 {[%clk 0:37:07]} Ra1 {[%clk 0:27:34]} 63. Kb3
{[%clk 0:37:31]} Rb1+ {[%clk 0:27:56]} 64. Ka2 {[%clk 0:36:35]} Re1
{[%clk 0:27:56]} 65. a5 {[%clk 0:34:58]} bxa5 {[%clk 0:27:12]} 66. b6
{[%clk 0:34:33]} Rh1 {[%clk 0:27:38]} 67. c4 {[%clk 0:35:17]} Rh8
{[%clk 0:27:58]} 68. c5 {[%clk 0:35:36]} 1-0

[Event "Azerbaijan Chess Championship2015 - Men"]
[Site ""]
[Date "2015.01.12"]
[Round "6"]
[Board "3"]
[White "Guseinov, Gadir"]
[Black "Bajarani, Ulvi"]
[Result "1-0"]
[WhiteElo "2610"]
[BlackElo "2494"]
[PlyCount "0"]
[EventDate "2015.01.06"]
[EventRounds "9"]
[EventCountry "AZE"]

1. e4 {[%clk 1:27:29]} e6 {[%clk 1:30:53]} 2. d4 {[%clk 1:27:39]} d5
{[%clk 1:31:17]} 3. Nd2 {[%clk 1:28:08]} Be7 {[%clk 1:31:37]} 4. Ngf3
{[%clk 1:28:33]} Nf6 {[%clk 1:31:59]} 5. e5 {[%clk 1:29:00]} Nfd7
{[%clk 1:32:22]} 6. Bd3 {[%clk 1:29:26]} c5 {[%clk 1:32:42]} 7. c3
{[%clk 1:29:54]} Nc6 {[%clk 1:33:03]} 8. O-O {[%clk 1:30:18]} a5 {[%clk 1:33:26]}
9. a4 {[%clk 1:30:42]} O-O {[%clk 1:33:50]} 10. Re1 {[%clk 1:31:06]} cxd4
{[%clk 1:33:40]} 11. cxd4 {[%clk 1:31:06]} Nb4 {[%clk 1:34:06]} 12. Bb1
{[%clk 1:30:53]} b6 {[%clk 1:33:50]} 13. Nf1 {[%clk 1:30:32]} Ba6
{[%clk 1:34:12]} 14. Ra3 {[%clk 1:30:51]} g6 {[%clk 1:32:05]} 15. Qd2
{[%clk 1:25:51]} Re8 {[%clk 1:31:12]} 16. Qh6 {[%clk 1:21:12]} Bf8
{[%clk 1:23:08]} 17. Qh3 {[%clk 1:21:22]} Be7 {[%clk 1:23:26]} 18. Ne3
{[%clk 1:20:01]} Rc8 {[%clk 1:18:39]} 19. Ng4 {[%clk 1:16:16]} Nf8
{[%clk 1:14:23]} 20. Qh6 {[%clk 1:08:17]} f5 {[%clk 1:04:39]} 21. exf6
{[%clk 1:08:14]} Bxf6 {[%clk 1:05:03]} 22. Bg5 {[%clk 1:06:12]} Bxg5
{[%clk 1:04:58]} 23. Nxg5 {[%clk 1:06:37]} Qe7 {[%clk 0:59:20]} 24. Rf3
{[%clk 1:02:53]} Be2 {[%clk 0:58:38]} 25. Nf6+ {[%clk 1:00:55]} Kh8
{[%clk 0:59:02]} 26. Nfxh7 {[%clk 1:01:10]} Bxf3 {[%clk 0:59:03]} 27. Nxf8+
{[%clk 0:54:35]} Kg8 {[%clk 0:59:29]} 28. Nfxe6 {[%clk 0:54:08]} 1-0

[Event "Azerbaijan Chess Championship2015 - Men"]
[Site ""]
[Date "2015.01.12"]
[Round "6"]
[Board "4"]
[White "Abasov, Nijat"]
[Black "Izzat, Kanan"]
[Result "1-0"]
[WhiteElo "2530"]
[BlackElo "2424"]
[PlyCount "0"]
[EventDate "2015.01.06"]
[EventRounds "9"]
[EventCountry "AZE"]

1. e4 {[%clk 1:30:58]} c5 {[%clk 1:24:52]} 2. Nf3 {[%clk 1:30:58]} e6
{[%clk 1:24:36]} 3. d4 {[%clk 1:31:20]} cxd4 {[%clk 1:25:01]} 4. Nxd4
{[%clk 1:31:38]} Nf6 {[%clk 1:23:09]} 5. Nc3 {[%clk 1:29:09]} d6 {[%clk 1:23:33]}
6. g4 {[%clk 1:24:43]} e5 {[%clk 1:18:17]} 7. Nf5 {[%clk 1:24:56]} g6
{[%clk 1:18:38]} 8. Ne3 {[%clk 1:16:47]} h6 {[%clk 0:57:57]} 9. Bc4
{[%clk 1:14:18]} Nc6 {[%clk 0:55:27]} 10. Ned5 {[%clk 1:02:42]} Nxd5
{[%clk 0:55:45]} 11. Nxd5 {[%clk 0:58:41]} Be6 {[%clk 0:41:10]} 12. Be3
{[%clk 0:58:10]} Rc8 {[%clk 0:39:58]} 13. Qe2 {[%clk 0:53:25]} Bg7
{[%clk 0:31:03]} 14. O-O-O {[%clk 0:50:43]} O-O {[%clk 0:30:06]} 15. Kb1
{[%clk 0:46:40]} Nd4 {[%clk 0:27:47]} 16. Bxd4 {[%clk 0:46:35]} exd4
{[%clk 0:28:13]} 17. Bb3 {[%clk 0:44:26]} Bxd5 {[%clk 0:26:14]} 18. Bxd5
{[%clk 0:44:47]} Qf6 {[%clk 0:19:59]} 19. Rd3 {[%clk 0:43:13]} Rc7
{[%clk 0:20:25]} 20. Qd2 {[%clk 0:32:13]} Rfc8 {[%clk 0:20:26]} 21. Rc1
{[%clk 0:32:35]} Qe7 {[%clk 0:16:17]} 22. f4 {[%clk 0:32:25]} Bf6
{[%clk 0:14:20]} 23. Rf3 {[%clk 0:26:34]} Qd8 {[%clk 0:10:45]} 24. g5
{[%clk 0:14:51]} hxg5 {[%clk 0:10:11]} 25. fxg5 {[%clk 0:15:10]} Bxg5
{[%clk 0:07:19]} 26. Qxd4 {[%clk 0:15:08]} Qf8 {[%clk 0:04:21]} 27. Rg1
{[%clk 0:10:01]} Rxc2 {[%clk 0:02:41]} 28. a3 {[%clk 0:10:22]} Rd2
{[%clk 0:02:48]} 29. Qb4 {[%clk 0:07:05]} Rxd5 {[%clk 0:01:07]} 30. exd5
{[%clk 0:07:31]} Qe7 {[%clk 0:01:22]} 31. Re1 {[%clk 0:07:52]} Qd7
{[%clk 0:01:49]} 32. h4 {[%clk 0:07:24]} Bh6 {[%clk 0:00:35]} 33. h5
{[%clk 0:06:43]} Bg7 {[%clk 0:00:32]} 34. hxg6 {[%clk 0:06:59]} f5
{[%clk 0:00:33]} 35. Qh4 {[%clk 0:05:44]} 1-0

[Event "Azerbaijan Chess Championship2015 - Men"]
[Site ""]
[Date "2015.01.12"]
[Round "6"]
[Board "5"]
[White "Rasulov, Vugar"]
[Black "Heydarli, Kanan"]
[Result "1-0"]
[WhiteElo "2491"]
[BlackElo "2273"]
[PlyCount "0"]
[EventDate "2015.01.06"]
[EventRounds "9"]
[EventCountry "AZE"]

1. e4 {[%clk 1:30:37]} c5 {[%clk 1:30:54]} 2. Nf3 {[%clk 1:30:40]} e6
{[%clk 1:31:16]} 3. d4 {[%clk 1:30:59]} cxd4 {[%clk 1:31:41]} 4. Nxd4
{[%clk 1:31:25]} a6 {[%clk 1:32:09]} 5. Bd3 {[%clk 1:31:18]} Nf6 {[%clk 1:28:40]}
6. O-O {[%clk 1:31:19]} d6 {[%clk 1:28:08]} 7. Nc3 {[%clk 1:31:04]} Be7
{[%clk 1:24:20]} 8. f4 {[%clk 1:29:45]} Nbd7 {[%clk 1:22:18]} 9. a4
{[%clk 1:23:46]} Qc7 {[%clk 1:18:04]} 10. a5 {[%clk 1:22:13]} O-O
{[%clk 1:16:56]} 11. Nb3 {[%clk 1:18:54]} Nc5 {[%clk 1:15:41]} 12. Nxc5
{[%clk 1:19:05]} Qxc5+ {[%clk 1:15:39]} 13. Kh1 {[%clk 1:19:33]} e5
{[%clk 1:09:11]} 14. f5 {[%clk 1:16:49]} Bd7 {[%clk 1:06:02]} 15. Qf3
{[%clk 1:16:08]} Bc6 {[%clk 1:05:00]} 16. Be3 {[%clk 1:08:53]} Qb4
{[%clk 1:05:27]} 17. Ra3 {[%clk 1:09:18]} Bb5 {[%clk 1:00:02]} 18. Bg5
{[%clk 0:56:34]} Bc6 {[%clk 0:52:28]} 19. Bd2 {[%clk 0:50:41]} Bd7
{[%clk 0:46:37]} 20. Bg5 {[%clk 0:40:44]} Qc5 {[%clk 0:42:29]} 21. Bxf6
{[%clk 0:39:57]} Bxf6 {[%clk 0:41:41]} 22. Nd5 {[%clk 0:40:12]} Rfd8
{[%clk 0:33:08]} 23. Qh5 {[%clk 0:35:19]} Bc6 {[%clk 0:26:59]} 24. Nxf6+
{[%clk 0:33:56]} gxf6 {[%clk 0:27:27]} 25. Qh6 {[%clk 0:34:18]} Kh8
{[%clk 0:26:51]} 26. Qxf6+ {[%clk 0:34:41]} Kg8 {[%clk 0:27:21]} 27. Be2
{[%clk 0:34:20]} Kf8 {[%clk 0:27:06]} 28. Rc3 {[%clk 0:32:39]} Qxa5
{[%clk 0:25:14]} 29. Rh3 {[%clk 0:31:03]} Ke8 {[%clk 0:24:59]} 30. Rxh7
{[%clk 0:29:24]} Kd7 {[%clk 0:25:20]} 31. Bd3 {[%clk 0:24:56]} Kc7
{[%clk 0:25:21]} 32. Rxf7+ {[%clk 0:25:10]} Kb6 {[%clk 0:25:30]} 33. Qh4
{[%clk 0:24:13]} d5 {[%clk 0:24:29]} 34. c3 {[%clk 0:18:37]} Qc5 {[%clk 0:24:28]}
35. Qe1 {[%clk 0:17:52]} a5 {[%clk 0:23:07]} 36. Rg7 {[%clk 0:15:56]} Rd6
{[%clk 0:17:42]} 37. Rg6 {[%clk 0:14:19]} Rxg6 38. fxg6 {[%clk 0:14:31]} Rg8
{[%clk 0:12:39]} 39. exd5 {[%clk 0:11:53]} Qxd5 {[%clk 0:12:40]} 40. Qf2+
{[%clk 0:42:17]} Kc7 {[%clk 0:42:09]} 41. Qf7+ {[%clk 0:38:54]} Qxf7
{[%clk 0:42:33]} 42. Rxf7+ {[%clk 0:38:52]} Kd6 {[%clk 0:42:57]} 43. Rf6+
{[%clk 0:34:34]} Ke7 {[%clk 0:42:38]} 44. Rf5 {[%clk 0:31:37]} e4
{[%clk 0:42:58]} 45. Bxe4 {[%clk 0:31:31]} Rd8 {[%clk 0:35:30]} 46. Bf3
{[%clk 0:31:06]} Ke6 {[%clk 0:34:23]} 47. Rxa5 {[%clk 0:30:54]} Kf6
{[%clk 0:34:51]} 48. Kg1 {[%clk 0:30:33]} Bxf3 {[%clk 0:35:05]} 49. gxf3
{[%clk 0:31:01]} Rd1+ {[%clk 0:35:29]} 50. Kg2 {[%clk 0:31:25]} Rd2+
{[%clk 0:35:36]} 51. Kg3 {[%clk 0:31:52]} Rxb2 {[%clk 0:36:01]} 52. Rg5
{[%clk 0:32:04]} Rb1 {[%clk 0:36:24]} 53. h4 {[%clk 0:32:20]} 1-0

[Event "Azerbaijan Chess Championship2015 - Men"]
[Site ""]
[Date "2015.01.12"]
[Round "6"]
[Board "6"]
[White "Guliev, Logman"]
[Black "Mammadov, Zaur"]
[Result "1-0"]
[WhiteElo "2385"]
[BlackElo "2487"]
[PlyCount "0"]
[EventDate "2015.01.06"]
[EventRounds "9"]
[EventCountry "AZE"]

1. e4 {[%clk 1:30:57]} c6 {[%clk 1:30:51]} 2. d4 {[%clk 1:31:18]} d5
{[%clk 1:31:14]} 3. exd5 {[%clk 1:31:13]} cxd5 {[%clk 1:31:38]} 4. c4
{[%clk 1:31:39]} Nf6 {[%clk 1:32:01]} 5. Nc3 {[%clk 1:32:00]} Nc6
{[%clk 1:32:10]} 6. Nf3 {[%clk 1:29:21]} Bg4 {[%clk 1:30:36]} 7. cxd5
{[%clk 1:22:23]} Nxd5 {[%clk 1:30:34]} 8. Qb3 {[%clk 1:22:36]} Bxf3
{[%clk 1:30:59]} 9. gxf3 {[%clk 1:22:29]} Nb6 {[%clk 1:31:24]} 10. d5
{[%clk 1:16:23]} Nd4 {[%clk 1:31:48]} 11. Bb5+ {[%clk 1:16:47]} Nxb5
{[%clk 1:28:17]} 12. Nxb5 {[%clk 1:12:12]} a6 {[%clk 1:14:36]} 13. Nc3
{[%clk 1:10:00]} Nd7 {[%clk 0:55:12]} 14. Qxb7 {[%clk 1:05:32]} g6
{[%clk 0:53:47]} 15. O-O {[%clk 0:48:19]} Bg7 {[%clk 0:46:46]} 16. Re1
{[%clk 0:48:31]} O-O {[%clk 0:37:44]} 17. Bg5 {[%clk 0:48:46]} f6
{[%clk 0:32:10]} 18. Bf4 {[%clk 0:48:13]} Ne5 {[%clk 0:30:32]} 19. Bxe5
{[%clk 0:45:35]} fxe5 {[%clk 0:30:41]} 20. Rad1 {[%clk 0:45:42]} Rb8
{[%clk 0:29:40]} 21. Qxa6 {[%clk 0:45:37]} Rxb2 {[%clk 0:28:44]} 22. Rb1
{[%clk 0:35:12]} Rd2 {[%clk 0:17:26]} 23. Ne4 {[%clk 0:32:06]} Rxd5
{[%clk 0:16:56]} 24. Qe6+ {[%clk 0:32:08]} Kh8 {[%clk 0:16:24]} 25. Ng5
{[%clk 0:32:19]} e4 {[%clk 0:08:02]} 26. Nf7+ {[%clk 0:32:31]} Rxf7
{[%clk 0:08:26]} 27. Qxf7 {[%clk 0:32:54]} Rg5+ {[%clk 0:08:54]} 28. Kh1
{[%clk 0:32:52]} Rf5 {[%clk 0:08:57]} 29. Rbd1 {[%clk 0:28:00]} Bd4
{[%clk 0:06:26]} 30. Qe6 {[%clk 0:22:45]} exf3 {[%clk 0:03:50]} 31. Re4
{[%clk 0:22:13]} Qb6 {[%clk 0:02:24]} 32. Qc8+ {[%clk 0:20:17]} Kg7
{[%clk 0:02:53]} 33. Rexd4 {[%clk 0:20:37]} Re5 {[%clk 0:02:42]} 34. Qc3
{[%clk 0:20:24]} Qf6 {[%clk 0:02:47]} 35. R4d3 {[%clk 0:20:31]} 1-0

[Event "Azerbaijan Chess Championship2015 - Men"]
[Site ""]
[Date "2015.01.12"]
[Round "6"]
[Board "7"]
[White "Bayramov, Elvin"]
[Black "Shahaliyev, Ismayil"]
[Result "0-1"]
[WhiteElo "2051"]
[BlackElo "2273"]
[PlyCount "0"]
[EventDate "2015.01.06"]
[EventRounds "9"]
[EventCountry "AZE"]

1. e4 {[%clk 1:30:59]} e6 {[%clk 1:30:52]} 2. d3 {[%clk 1:31:25]} d5
{[%clk 1:31:18]} 3. Nd2 {[%clk 1:31:53]} Nf6 {[%clk 1:31:42]} 4. Ngf3
{[%clk 1:32:20]} a5 {[%clk 1:32:03]} 5. g3 {[%clk 1:32:46]} a4 {[%clk 1:32:30]}
6. a3 {[%clk 1:33:14]} Bc5 {[%clk 1:32:48]} 7. Bg2 {[%clk 1:32:24]} dxe4
{[%clk 1:33:11]} 8. dxe4 {[%clk 1:32:31]} e5 {[%clk 1:33:37]} 9. O-O
{[%clk 1:31:56]} Nc6 {[%clk 1:34:00]} 10. Qe2 {[%clk 1:31:44]} Qe7
{[%clk 1:34:11]} 11. Nc4 {[%clk 1:30:53]} b6 {[%clk 1:34:37]} 12. b4
{[%clk 1:27:33]} axb3 {[%clk 1:28:31]} 13. cxb3 {[%clk 1:26:57]} Bg4
{[%clk 1:24:41]} 14. Bb2 {[%clk 1:18:59]} O-O {[%clk 1:23:03]} 15. Ne3
{[%clk 1:03:51]} Bxf3 {[%clk 0:51:31]} 16. Qxf3 {[%clk 0:59:29]} Bxe3
{[%clk 0:49:32]} 17. Qxe3 {[%clk 0:56:36]} Rfd8 {[%clk 0:49:54]} 18. Rfd1
{[%clk 0:50:38]} Rxd1+ {[%clk 0:49:46]} 19. Rxd1 {[%clk 0:51:04]} Rd8
{[%clk 0:50:12]} 20. Rxd8+ {[%clk 0:45:14]} Qxd8 {[%clk 0:50:36]} 21. Bf3
{[%clk 0:42:08]} Nd4 {[%clk 0:49:35]} 22. Bxd4 {[%clk 0:38:55]} exd4
{[%clk 0:49:21]} 23. Qd3 {[%clk 0:32:11]} Qd6 {[%clk 0:44:58]} 24. Qb5
{[%clk 0:27:34]} c5 {[%clk 0:41:29]} 25. e5 {[%clk 0:24:48]} Qxe5
{[%clk 0:41:53]} 26. Qxb6 {[%clk 0:25:11]} g5 {[%clk 0:41:52]} 27. h3
{[%clk 0:23:17]} h5 {[%clk 0:36:52]} 28. a4 {[%clk 0:15:23]} g4 {[%clk 0:33:21]}
29. hxg4 {[%clk 0:15:48]} hxg4 {[%clk 0:33:47]} 30. Be2 {[%clk 0:12:42]} Ne4
{[%clk 0:18:07]} 31. Bc4 {[%clk 0:08:12]} Kg7 {[%clk 0:14:12]} 32. Qa5
{[%clk 0:02:17]} Ng5 {[%clk 0:13:05]} 33. Kf1 {[%clk 0:02:33]} Nf3
{[%clk 0:10:57]} 34. Bd3 {[%clk 0:01:43]} Qe6 {[%clk 0:07:49]} 35. Be2
{[%clk 0:01:38]} Qh6 {[%clk 0:07:44]} 36. Bd1 {[%clk 0:00:34]} Qc1
{[%clk 0:06:40]} 37. Ke2 {[%clk 0:00:58]} d3+ {[%clk 0:06:20]} 0-1

[Event "Azerbaijan Chess Championship2015 - Men"]
[Site ""]
[Date "2015.01.12"]
[Round "6"]
[Board "8"]
[White "Sadikhov, Ulvi"]
[Black "Iskandarov, Misratdin"]
[Result "1-0"]
[WhiteElo "2414"]
[BlackElo "2405"]
[PlyCount "0"]
[EventDate "2015.01.06"]
[EventRounds "9"]
[EventCountry "AZE"]

1. e4 {[%clk 1:30:58]} e5 {[%clk 1:30:53]} 2. Nf3 {[%clk 1:31:23]} Nc6
{[%clk 1:31:17]} 3. Bb5 {[%clk 1:31:49]} a6 {[%clk 1:31:37]} 4. Ba4
{[%clk 1:31:57]} Nf6 {[%clk 1:31:54]} 5. O-O {[%clk 1:32:20]} b5 {[%clk 1:32:19]}
6. Bb3 {[%clk 1:32:46]} Be7 {[%clk 1:32:44]} 7. Re1 {[%clk 1:33:10]} d6
{[%clk 1:32:52]} 8. c3 {[%clk 1:33:33]} O-O {[%clk 1:32:53]} 9. h3
{[%clk 1:33:57]} Nb8 {[%clk 1:32:58]} 10. d4 {[%clk 1:34:14]} Nbd7
{[%clk 1:33:22]} 11. c4 {[%clk 1:34:28]} Bb7 {[%clk 1:31:04]} 12. Nc3
{[%clk 1:34:52]} c6 {[%clk 1:24:54]} 13. a3 {[%clk 1:35:12]} h6 {[%clk 1:20:33]}
14. Ba2 {[%clk 1:33:01]} Qc7 {[%clk 1:16:50]} 15. Be3 {[%clk 1:30:49]} Rac8
{[%clk 1:09:01]} 16. Rc1 {[%clk 1:29:50]} Qb8 {[%clk 1:08:52]} 17. b4
{[%clk 1:20:13]} Rfe8 {[%clk 0:56:02]} 18. cxb5 {[%clk 1:01:42]} cxb5
{[%clk 0:56:14]} 19. Nh4 {[%clk 0:53:06]} Rxc3 {[%clk 0:42:52]} 20. Rxc3
{[%clk 0:53:24]} Nxe4 {[%clk 0:43:18]} 21. Qh5 {[%clk 0:48:55]} d5
{[%clk 0:43:39]} 22. Rcc1 {[%clk 0:48:35]} exd4 {[%clk 0:37:20]} 23. Bxd4
{[%clk 0:47:56]} Bg5 {[%clk 0:37:34]} 24. Nf5 {[%clk 0:39:40]} g6
{[%clk 0:37:09]} 25. Nxh6+ {[%clk 0:39:35]} Kf8 {[%clk 0:25:17]} 26. Qg4
{[%clk 0:39:23]} Qd8 {[%clk 0:06:38]} 27. Nxf7 {[%clk 0:25:52]} Kxf7
{[%clk 0:06:59]} 28. Rcd1 {[%clk 0:25:04]} Kf8 {[%clk 0:02:56]} 29. f3
{[%clk 0:17:10]} Nd6 {[%clk 0:02:23]} 30. Rxe8+ {[%clk 0:17:26]} Nxe8
{[%clk 0:02:47]} 31. Re1 {[%clk 0:16:18]} Bf6 {[%clk 0:01:24]} 32. Bxf6
{[%clk 0:16:31]} Nexf6 {[%clk 0:01:16]} 33. Qxg6 {[%clk 0:15:33]} Qb6+
{[%clk 0:01:30]} 34. Kf1 {[%clk 0:15:05]} Qd6 {[%clk 0:01:00]} 35. Bb1
{[%clk 0:13:44]} Qf4 {[%clk 0:00:51]} 36. Bf5 {[%clk 0:12:49]} Bc8
{[%clk 0:00:35]} 37. Be6 {[%clk 0:11:59]} Qc4+ {[%clk 0:00:31]} 38. Kg1
{[%clk 0:12:11]} Qd4+ {[%clk 0:00:43]} 39. Kh1 {[%clk 0:12:13]} Ke7
{[%clk 0:01:05]} 40. Bxd7+ {[%clk 0:42:26]} Kxd7 {[%clk 0:31:30]} 41. Qf7+
{[%clk 0:42:49]} 1-0

[Event "Azerbaijan Chess Championship2015 - Men"]
[Site ""]
[Date "2015.01.12"]
[Round "6"]
[Board "9"]
[White "Shabanov, Nurlan"]
[Black "Gasimov, Parviz"]
[Result "0-1"]
[WhiteElo "2165"]
[BlackElo "2517"]
[PlyCount "0"]
[EventDate "2015.01.06"]
[EventRounds "9"]
[EventCountry "AZE"]

1. d4 {[%clk 1:30:57]} d5 {[%clk 1:30:51]} 2. c4 {[%clk 1:31:23]} e6
{[%clk 1:31:15]} 3. Nc3 {[%clk 1:31:47]} c6 {[%clk 1:31:36]} 4. cxd5
{[%clk 1:29:18]} exd5 {[%clk 1:32:00]} 5. Bf4 {[%clk 1:28:57]} Be7
{[%clk 1:31:53]} 6. e3 {[%clk 1:28:48]} Nf6 {[%clk 1:31:49]} 7. Bd3
{[%clk 1:29:11]} O-O {[%clk 1:30:24]} 8. Qc2 {[%clk 1:26:16]} Nbd7
{[%clk 1:29:46]} 9. Nge2 {[%clk 1:25:06]} Re8 {[%clk 1:26:22]} 10. O-O
{[%clk 1:20:29]} Nf8 {[%clk 1:24:27]} 11. Rae1 {[%clk 0:57:25]} Nh5
{[%clk 1:08:06]} 12. Bg3 {[%clk 0:54:04]} Nxg3 {[%clk 1:05:51]} 13. Nxg3
{[%clk 0:54:25]} Bd6 {[%clk 1:04:38]} 14. f3 {[%clk 0:51:54]} c5 {[%clk 0:51:41]}
15. Bb5 {[%clk 0:36:39]} Re6 {[%clk 0:45:48]} 16. Nf5 {[%clk 0:25:31]} a6
{[%clk 0:38:25]} 17. dxc5 {[%clk 0:13:12]} Bxc5 {[%clk 0:37:00]} 18. Bd3
{[%clk 0:12:18]} g6 {[%clk 0:32:01]} 19. Na4 {[%clk 0:02:58]} Ba7
{[%clk 0:30:19]} 20. Nh6+ {[%clk 0:01:05]} Kg7 {[%clk 0:29:37]} 21. Ng4
{[%clk 0:01:26]} h5 {[%clk 0:27:07]} 22. Nf2 {[%clk 0:01:39]} Rxe3
{[%clk 0:25:35]} 23. Rxe3 {[%clk 0:00:47]} Bxe3 {[%clk 0:26:02]} 24. Re1
{[%clk 0:01:14]} d4 {[%clk 0:24:33]} 25. Kh1 {[%clk 0:01:16]} Bd7
{[%clk 0:22:09]} 26. b3 {[%clk 0:00:33]} Qa5 {[%clk 0:18:47]} 27. Rd1
{[%clk 0:00:33]} Rc8 {[%clk 0:18:20]} 28. Qb2 {[%clk 0:00:36]} b5
{[%clk 0:18:13]} 29. Nc5 {[%clk 0:00:37]} Qc3 {[%clk 0:11:52]} 30. Qxc3
{[%clk 0:01:03]} dxc3 {[%clk 0:12:20]} 31. Nxd7 {[%clk 0:01:28]} Nxd7
{[%clk 0:11:47]} 32. Bc2 {[%clk 0:01:51]} Bxf2 {[%clk 0:11:51]} 33. Rxd7
{[%clk 0:02:15]} Re8 {[%clk 0:12:13]} 34. Be4 {[%clk 0:02:16]} Bb6
{[%clk 0:07:48]} 35. Rd1 {[%clk 0:01:01]} Rxe4 {[%clk 0:07:34]} 36. fxe4
{[%clk 0:01:14]} Be3 {[%clk 0:07:58]} 0-1